EVERY ABBA SONG - Statistics

General Stats
  • This quiz has been taken 217 times
    20 since last reset
  • The average score is 44 of 110
Answer Stats
Album Songs % Correct
Dancing Queen
100%
Ring Ring Ring Ring
93%
Voulez-Vous Voulez-Vous
93%
Waterloo Waterloo
86%
Fernando
79%
Mamma Mia
79%
Money Money Money
79%
Super Trouper Super Trouper
79%
Take A Chance On Me
79%
The Visitors The Visitors
79%
Arrival Arrival
71%
Does Your Mother Know
71%
Honey Honey
71%
Knowing Me, Knowing You
71%
SOS
71%
Thank You For The Music
71%
The Winner Takes It All
71%
Angeleyes
64%
The Album Eagle
64%
Summer Night City
64%
ABBA Bang-A-Boomerang
57%
Chiquitita
57%
Gimme Gimme Gimme (A Man After Midnight)
57%
Lay All Your Love On Me
57%
I Do, I Do, I Do, I Do, I Do
50%
I Have A Dream
50%
On and On and On
50%
Soldiers
50%
Tiger
50%
When I Kissed The Teacher
50%
Happy New Year
43%
Head Over Heels
43%
King Kong Song
43%
(My Favourite) Kisses Of Fire
43%
Me and Bobby and Bobby's Brother
43%
Slipping Through My Fingers
43%
The Name Of The Game
43%
The Piper
43%
Andante, Andante
36%
Another Town Another Train
36%
Gonna Sing You My Lovesong
36%
He Is Your Brother
36%
Hey, Hey Helen
36%
I Am Just A Girl
36%
I Still Have Faith In You
36%
Like An Angel Passing Through My Room
36%
Lovelight
36%
Lovers (Live A Little Longer)
36%
My Mama Said
36%
Nina, Pretty Ballerina
36%
Our Last Summer
36%
People Need Love
36%
Put On Your White Sombrero
36%
Rock Me
36%
She's My Kind Of Girl
36%
Sitting In The Palmtree
36%
The Day Before You Came
36%
The King Has Lost His Crown
36%
Under Attack
36%
When All Is Said And Done
36%
Why Did It Have To Be Me?
36%
As Good As New
29%
Voyage Bumblebee
29%
Cassandra
29%
Dance (While The Music Still Goes On)
29%
Disillusion
29%
Don't Shut Me Down
29%
Dum Dum Diddle
29%
Elaine
29%
Happy Hawaii
29%
If It Wasn't For The Nights
29%
I Saw It In The Mirror
29%
I've Been Waiting For You
29%
Love Isn't Easy (But It Sure Is Hard Enough)
29%
Man In The Middle
29%
Me and I
29%
Merry-Go-Round
29%
Move On
29%
My Love, My Life
29%
One Man One Woman
29%
Should I Laugh Or Cry
29%
So Long
29%
Suzy-Hang-Around
29%
The Way Old Friends Do
29%
Tropical Loveland
29%
Crazy World
21%
Dream World
21%
Hasta Manana
21%
I Can Be That Woman
21%
I'm a Marionette
21%
Intermezzo No.1
21%
Just A Notion
21%
Keep An Eye On Dan
21%
Little Things
21%
Ode To Freedom
21%
One Of Us
21%
Rock 'n' Roll Band
21%
That's Me
21%
Two For The Price Of One
21%
Watch Out
21%
You Owe Me One
21%
Hole In Your Soul
14%
I Let The Music Speak
14%
I Wonder (Departure)
14%
No Doubt About It
14%
Santa Rosa
14%
What About Livingstone
14%
When You Danced With Me
14%
I Am The City
7%
Pick A Bale of Cotton Medley
7%
No matching quizzes found
Score Distribution
Percent of People with Each Score
Percentile by Number Answered
Your Score History
You have not taken this quiz since the last reset